TIRE INFLATION CONTROL ON AGRICULTURAL VEHICLES

Bibliographic Details
Main Author: Rempfer, Martin (Author)
Format: Article
Language:English
ISBN:8071375276

MARC

LEADER 00000naa a2200000uu 4500
001 vtls010945146
003 SK-MaSNL
005 20260302121804.0
008 210902|1998 xo |||||||||||||||||eng|
015 |a SNBRA 
035 |a (urnnbn)urn:nbn:sk:snk:ar-a0bf0v 
035 |a (uuid)2c1bbf2b-c208-4ac7-82ef-3cb1f8ef4e4c 
035 |a urn:nbn:sk:snk-aau77i 
040 |a SNKBUCL  |b slo  |c SNKBUCL  |e AACR2 
041 0 |a eng 
044 |a xo  |c SK 
100 1 |a Rempfer, Martin  |4 aut  |9 804351 
245 1 0 |a TIRE INFLATION CONTROL ON AGRICULTURAL VEHICLES  |c Martin Rempfer 
773 0 |t Zborník z 1. medzinárodnej vedeckej konferencie mladých 1998  |d V Nitre : Slovenská poľnohospodárska univerzita, 1998  |g S. 19-23  |z 8071375276 
958 |a OND 
958 |a article11 
958 |a chapter 
999 |c 1275346  |d 1277276